Effect of water deprivation for three consecutive days on the proportions of androgen receptor-immunolabeled supraoptic nucleus magnoneurons in Wistar rats

The androgen receptor is an androgen-dependent transcription factor that belongs to the nuclear receptor superfamily. When the androgen receptor is not bound to its ligand, it is mainly localized in the cytoplasm, bound to chaperone proteins, which stabilizes its inactive conformation and confers a...

Teljes leírás

Elmentve itt :
Bibliográfiai részletek
Szerzők: Chetoui Samir
Touati Hanane
Remana Soumia
Benhaferi Nadir
Hanniche Nadia
Talmatamar Amina
Benarab Souhila
Bougrid Abdelkader
Dokumentumtípus: Cikk
Megjelent: University of Szeged Szeged 2022
Sorozat:Acta biologica Szegediensis 66 No. 2
Kulcsszavak:Fiziológia, Neurobiológia, Immunhisztokémia, Neuroendokrin szabályozás
Tárgyszavak:
doi:10.14232/abs.2022.2.162-168

Online Access:http://acta.bibl.u-szeged.hu/86929
LEADER 03123nab a2200337 i 4500
001 acta86929
005 20250414154824.0
008 250414s2022 hu o 000 eng d
022 |a 1588-4082 
024 7 |a 10.14232/abs.2022.2.162-168  |2 doi 
040 |a SZTE Egyetemi Kiadványok Repozitórium  |b hun 
041 |a eng 
100 1 |a Chetoui Samir 
245 1 0 |a Effect of water deprivation for three consecutive days on the proportions of androgen receptor-immunolabeled supraoptic nucleus magnoneurons in Wistar rats  |h [elektronikus dokumentum] /  |c  Chetoui Samir 
260 |a University of Szeged  |b Szeged  |c 2022 
300 |a 162-168 
490 0 |a Acta biologica Szegediensis  |v 66 No. 2 
520 3 |a The androgen receptor is an androgen-dependent transcription factor that belongs to the nuclear receptor superfamily. When the androgen receptor is not bound to its ligand, it is mainly localized in the cytoplasm, bound to chaperone proteins, which stabilizes its inactive conformation and confers a high affinity for the ligand. The conformational change of the androgen receptor begins when the androgen molecule binds to the receptor, which subsequently homodimerizes and it is actively translocated to the nucleus. In the nucleus, the receptor homodimers bind to androgen target genes, resulting in responses such as growth and survival. In this study, we used the immunohistochemistry technique to look for the proportions of androgen receptor-immunolabeled magnoneurons categories according to the sub-cellular localization of the receptor, in the supraoptic nucleus of control (tap water + ad-libitum food) and dehydrated male rats by tap water deprivation for three consecutive days. Our results show that the proportions of androgen receptor-immunolabeled magnoneurons would depend on the hydration status of the rats (Chi-square test of independence, P < 0.001), but this dependence relationship is weak (Cramer’s v value is equal to 0.30). Indeed, based on the results of our study, we hypothesized that dehydration by water deprivation for three consecutive days in adult male rats acts mainly on both of nuclear and cytoplasmic magnoneurons categories and has very little influence on the nucleocytoplasmic magnoneurons category. The effect could be due to activation of the entry of cytoplasmic non-androgen bound androgen receptors into the nucleus, activation of degradation of nuclear non-androgen bound androgen receptors, and inhibition of the binding of androgen molecules to androgen receptors. 
650 4 |a Természettudományok 
650 4 |a Biológiai tudományok 
650 4 |a Orvos- és egészségtudomány 
650 4 |a Általános orvostudomány 
695 |a Fiziológia, Neurobiológia, Immunhisztokémia, Neuroendokrin szabályozás 
700 0 1 |a Touati Hanane  |e aut 
700 0 1 |a Remana Soumia  |e aut 
700 0 1 |a Benhaferi Nadir  |e aut 
700 0 1 |a Hanniche Nadia  |e aut 
700 0 1 |a Talmatamar Amina  |e aut 
700 0 1 |a Benarab Souhila  |e aut 
700 0 1 |a Bougrid Abdelkader  |e aut 
856 4 0 |u http://acta.bibl.u-szeged.hu/86929/1/biologica_066_numb_002_162-168.pdf  |z Dokumentum-elérés